00272pab a2200121 454500008004000000100001400040245001600054260000900070300000900079362001100088650003100099773002000130180718b1995 xxu||||| |||| 00| 0 eng d aSahay, S. aCut to size c1995 ap.12 a24 Jul aElection officials - India aHindustan Times